Регионална библиотека "Любен Каравелов" - Русе

ЦЪРКОВЕН ВЕСТНИК (Запис номер 345097)

MARC детайли
000 -Лидер
Контролно поле с фиксирана дължина 01255nas a2200277 a 4500
003 - Код на организацията, давaща контролен номер
Контролно поле BLK
005 - Дата и час на последна редакция
Контролно поле 20240315102304.0
008 - Елементи от данни с фиксирана дължина
fixed length control field 190915d |||n| |||| 00| c0bul d
010 ## - Наследен системен номер
LC control number 000136
040 ## - Източник на каталожния запис
Идентификатор на билиотеката - собственик на записа BLK
041 ## - Код за език
Код за езика на текст/звукозапис или на отделно заглавие Български
Код за езика КДБФ Български
080 ## - УДК
УДК - код + определител 281.962(05)
245 10 - Сведения за заглавието
Заглавие ЦЪРКОВЕН ВЕСТНИК
Том 43
246 ## - Различни форми на заглавието
Паралелно заглавие Седмично издание
260 ## - Област на издателските данни
Място на издаване, разпространение и проч. София
Име на издателя, разпространителя и проч. Св. Синод
Дата на отпечатване 1942
490 ## - СЕРИИ (Колекции)
Име на серия Частна колекция - Академик Михаил Арнаудов
Бележки за серията Дарение - Основен фонд
500 ## - Общи забележки
Забележка Подчертавания в текста на статия от Кирил Пловдивски за Йеромонах СпиридонАдрес : Тук Университета проф. М. Арнаудов, даром.Статия за йеромонах Спиридон :в. Днес, Х№803, 18 дек. 1942. Датирането от М. Арнаудов
650 #4 - Допълнително описание по предмет – тема
Основно описание – тема или топоним Религии
9 (RLIN) 169205
650 #0 - Допълнително описание по предмет – тема
Основно описание – тема или топоним Българска православна църква
9 (RLIN) 265795
650 #4 - Допълнително описание по предмет – тема
Основно описание – тема или топоним български печат
9 (RLIN) 400591
852 ## - Местоположение
Форматна сигнатура МА 4672
999 ## - СИСТЕМНИ КОНТРОЛНИ НОМЕРА
Koha biblionumber 345097
Koha biblioitemnumber 345097
942 ## - АРТИКУЛИ
Вид на библиотечния материал Вестници
Скрит в OPAC Не
Периодичен библиозапис Да
999 ## - СИСТЕМНИ КОНТРОЛНИ НОМЕРА
Koha biblioitemnumber 345097
999 ## - СИСТЕМНИ КОНТРОЛНИ НОМЕРА
Koha biblioitemnumber 345097
944 ## - СЪЗДАВАНЕ И РЕДАКЦИЯ на ЗАПИСА
Служител, извършил регистрацията/редакцията 30560
Статус, дата на статуса Геновева Генчева
Наличности
Код за отписване Код за изгубен артикул Източник на класификационната схема Код за повреда Коз за рестрикции Код за отдаване Артикулен № Име на библиотеката - собственик Име на библиотеката, в която се намира в момента Статус (Текущо местоположение) Местоположение - отдел Цена в лева Номерация (Хронология) Инвентарен номер Систематично азбучна сигнатура Баркод Цена в евро Служебен тип на артикула Бележка за публиката
  Не е изгубен Universal Decimal Classification Не е повреден без рестрикции Специални фондове ( старопечатни, редки и ценни, фонд М. Арнаудов) 745954 Регионална библиотека "Любен Каравелов" Русе Регионална библиотека "Любен Каравелов" Русе Фонд "Михаил Арнаудов" Фонд "Михаил Арнаудов" 2.00 1942 592846 МА 4672 130000592846 1.02 Вестници 29
Vip Innovations Ltd, Rousse, Bulgaria 2025